| 000 | 00650nam a2200205 a 4500 | ||
|---|---|---|---|
| 005 | 20231024063705.0 | ||
| 008 | 991125s1943 mx 000 0 spa u | ||
| 035 | _aUPN01000005539 | ||
| 049 | _aCG | ||
| 050 | 4 |
_aDD253 _bN4.28 |
|
| 100 | 1 | _aNeumann, Franz | |
| 245 | 1 | 0 |
_aBehemoth : _bpensamiento y acción en el nacional-socialismo / _cFranz Neumann ; tr. Vicente Herrero. |
| 260 |
_aMéxico : _bFCE, _c1943. |
||
| 300 | _a583 p. | ||
| 440 | 0 |
_aSección de ciencia política. _pCuestiones del día ; _v4 |
|
| 650 | 4 |
_aAUTORITARISMO - _zALEMANIA _94105 |
|
| 650 | 4 |
_aFASCISMO - _zEUROPA _920857 |
|
| 650 | 4 |
_aNacionalsocialismo _97408 |
|
| 905 | _aLibro | ||
| 999 |
_c5539 _d5539 |
||